000 00780nas a2200253 4500
001 BR9200969
003 BR-BrBNA
005 20231205092330.0
007 ta
008 230509b bl.|||p| |||| 00| 00por d
040 _aBR-BrBNA
_bpor
_cBiblioteca Nacional de Agricultura
041 _a(Pt)
072 _aN20
100 1 _aFurlani Neto, V.L.
100 1 _aFernandes, J.
100 1 _aStolf, R.
245 1 _aAvaliacao das impurezas nas cargas e perdas no campo pela colhedora mecanizada de cana inteira
650 _aCANA DE ACUCAR
650 _aCOLHEITADEIRA
650 _aCOLHEITA MECANICA
773 0 _tBrasil Acucareiro (Brazil)
_xISSN 0006-9167
_g(Jul-Aug 1984), v. 102(4) p. 34-39
_wBR9200969
909 _a202311
_bLúcia
_c55
_dLúcia Elande
942 _2AGRIS
_n0
_cANA
999 _c130994
_d130994